ბათუმის შოთა რუსთაველის სახელმწიფო უნივერსიტეტის ბიბლიოთეკა

პაროდონტის დაავადებათა ფარმაკოთერაპია = Pharmacotherapy of Periodontal Diseases / (ბიბ.ჩანაწერი № 38646)

000 -ლიდერი
ფიქსირებული სიგრძის საკონტროლო ველი 01046nam a2200253Ia 4500
001 - საკონტროლო ნომერი
საკონტროლო ველი 4868
003 - საკონტროლო ნომრის იდენტიფიკატორი
საკონტროლო ველი GE_BSU
005 - ბოლო ოპერაციის თარიღი და დრო
საკონტროლო ველი 20200131111632.0
008 - ფიქსირებული სიგრძის მონაცემთა ელემენტები - ზოგადი ინფორმაცია
ფიქსირებული სიგრძის საკონტროლო ველი 181216s2009||||ge |||||||||||||| ||geo||
020 ## - წიგნის საერთაშორისო სტანდარტული ნომერი
International Standard Book Number 9789941010934
040 ## - კატალოგიზაციის წყარო
Transcribing agency GE_BSU
041 ## - ენის კოდი
Language code of text/sound track or separate title geo
080 ## - უნივერსალური ათობითი კლასიფიკაციის ინდექსი
Universal Decimal Classification number 616.312.2 - 002(075.8) ი-36
100 ## - მთავარი ჩანაწერი - პიროვნების სახელი
Personal name ივერიელი, მანანა
9 (RLIN) 3438
245 ## - ცნობა სათაურის შესახებ
Title პაროდონტის დაავადებათა ფარმაკოთერაპია = Pharmacotherapy of Periodontal Diseases /
Statement of responsibility, etc მანანა ივერიელი, ნინო აბაშიძე.
250 ## - გამოცემის ცნობა
Edition statement მე-2 განახლ. გამოც.
264 ## - წარმოების, გამოცემის, დისტრიბუციის და სხვა ცნობები
გამოცემის, წარმოების, დისტრიბუციის... ადგილი თბილისი :
გამოცემის, წარმოების, დისტრიბუციის... სახელწოდება [გ.გ.] ;
გამოცემის, წარმოების, დისტრიბუციის... თარიღი 2009.
300 ## - ფიზიკური აღწერა
Extent 249 გვ. ;
Dimensions 20 სმ.
653 ## - INDEX TERM--UNCONTROLLED
Uncontrolled term მედიცინა
653 ## - INDEX TERM--UNCONTROLLED
Uncontrolled term პარადონტის დაავადებები
653 ## - INDEX TERM--UNCONTROLLED
Uncontrolled term გინგივიტი
700 ## - ADDED ENTRY--PERSONAL NAME
Personal name აბაშიძე, ნინო
Relator term ავტორი
9 (RLIN) 3439
942 ## - ADDED ENTRY ELEMENTS (KOHA)
Koha item type წიგნი
Source of classification or shelving scheme
ეგზემპლარები
ჩამოწერის სტატუსი დაკარგული ეგზემპლარის სტატუსი კლასიფიკაციის წყარო ან თაროზე გაწყობის სქემა დაზიანების სტატუსი არ გაიცემა მუდმივი მდებარეობა (დაცვის ადგილი) ამჟამინდელი ადგილსამყოფელი თაროზე განთავსების ადგილი შეძენის თარიღი ღირებულება, შესყიდვის ნორმალური ფასი სრული შენახვის შიფრი შტრიხკოდი ბოლო ოპერაციის თარიღი ეგზემპლარის მიმდევრობითი ნომერი (კეტერი?) ფასის ძალაში შესვლის თარიღი ეგზემპლარის სახეობა საჯარო შენიშვნა
          ბათუმის შოთა რუსთაველის სახელმწიფო უნივერსიტეტის მთავარი ბიბლიოთეკა ბათუმის შოთა რუსთაველის სახელმწიფო უნივერსიტეტის მთავარი ბიბლიოთეკა წიგნსაცავი 2018-12-17 27.00 616.312.2 - 002(075.8) ი-36 13162 2018-12-17 13162 2018-12-17 წიგნი 27 ლ.
          ბათუმის შოთა რუსთაველის სახელმწიფო უნივერსიტეტის მთავარი ბიბლიოთეკა ბათუმის შოთა რუსთაველის სახელმწიფო უნივერსიტეტის მთავარი ბიბლიოთეკა წიგნსაცავი 2018-12-17 27.00 616.312.2 - 002(075.8) ი-36 13163 2018-12-17 13163 2018-12-17 წიგნი 27 ლ.
          ბათუმის შოთა რუსთაველის სახელმწიფო უნივერსიტეტის მთავარი ბიბლიოთეკა ბათუმის შოთა რუსთაველის სახელმწიფო უნივერსიტეტის მთავარი ბიბლიოთეკა წიგნსაცავი 2020-01-31 20.00 616.312.2 - 002(075.8) ი-36 501 2020-01-31 501 2020-01-31 წიგნი 20 ლ.